Impacto de la crisis asiática en Costa Rica /

Analiza los posibles impactos de la crisis asiática en la economía costarricense en busca de plantear importantes fortalezas que tiene el país. Su principal objetivo es destacar la necesidad de mejorar el grado de preparación del país acorde a un cierto tipo/calidad de inserción internacional debida...

Cijeli opis

Spremljeno u:
Bibliografski detalji
Glavni autor: Villalobos Céspedes, Daniel
Daljnji autori: Pichardo Muñíz, Arlette
Format: Tekst
Teme:
Oznake: Dodaj oznaku
Bez oznaka, Budi prvi tko označuje ovaj zapis!

MARC

LEADER 00000 a a2200000 04500
001 15385
003
040
100 |a Villalobos Céspedes, Daniel  
245 |a Impacto de la crisis asiática en Costa Rica /  |c Daniel Villalobos Céspedes ; Arlette Pichardo Muñíz 
520 |a Analiza los posibles impactos de la crisis asiática en la economía costarricense en busca de plantear importantes fortalezas que tiene el país. Su principal objetivo es destacar la necesidad de mejorar el grado de preparación del país acorde a un cierto tipo/calidad de inserción internacional debidamente planeada. El grado de preparación del país tiene que enfocar, no sólo en las estructuras, la eligibilidad y las políticas económicas y comerciales, sino poner especial énfasis en el grado de preparación institucional, adecuándolo a las nuevas dinámicas en el contexto de la globalización. REV/LCL  
650 |a DEFICIT  
650 |a CRISIS MONETARIA  
650 |a DEVALUACION  
650 |a PUB.IIS  
650 |a BALANZA COMERCIAL  
700 |a Pichardo Muñíz, Arlette  
773 |g volumen 43, número 86 -87; páginas 111-124  
999 |c 37096  |d 37096 
773 0 |0 18728  |9 4432  |a Universidad de Costa Rica.   |d San José, Costa Rica Editorial UCR 1959-  |o 16988  |t Revista de Ciencias Sociales/  |x 04825276